| 000 | 00362nam a2200157Ia 4500 | ||
|---|---|---|---|
| 100 | _aBurke/Richard J | ||
| 942 | _cBK | ||
| 366 | _f25 | ||
| 654 | _anetwork management | ||
| 245 | _aNetwork Management:Concepts and practice | ||
| 260 |
_bPrentice Hall of India _c2004 |
||
| 082 |
_a4.6 _bBUR |
||
| 300 | _a519 | ||
| 546 |
_aENGLISH _cPAMPHALETS |
||
| 999 |
_c19630 _d19630 |
||